Variaciones del nivel del mar, glacio e hidroisostáticas en la laguna de Rocha y zonas aledañas, Uruguay /

Guardado en:
Otros Autores: Castiglioni, Eduardo. (Disertante), Perillo, Gerardo M. E. (Orientador), Gaucher, Claudio. (Orientador)
Formato: Manuscrito
Idioma:Spanish
Publicado: 2019.
Materias:
Acceso en línea:Texto completo
Etiquetas: Agregar Etiqueta
Sin Etiquetas, Sea el primero en etiquetar este registro!
LEADER 01489ntm a22003495a 4500
001 EUN.eunm008226
008 200304s2019####ag#a#####bm###000#0#spa#d
005 20200720101839.0
245 1 0 |a Variaciones del nivel del mar, glacio e hidroisostáticas en la laguna de Rocha y zonas aledañas, Uruguay /  |c Eduardo Castiglioni. 
260 |c 2019. 
300 |a 227 p. :  |b il. ;  |c 30 cm. 
500 |a Directores de tesis: Gerardo M.E. Perillo y Claudio Gaucher. 
500 |a "Tesis de Doctor en Geología". 
502 |a Tesis (doctoral)--Universidad Nacional del Sur. Departamento de Geología, 2019. 
530 |a Disponible también en formato digital. 
504 |a Incluye referencias bibliográficas. 
100 1 |a Castiglioni, Eduardo.  |4 dis 
700 1 |a Perillo, Gerardo M. E.  |q (Gerardo Miguel Eduardo)  |4 ths 
700 1 |a Gaucher, Claudio.  |4 ths 
710 2 |a Universidad Nacional del Sur.  |b Departamento de Geología  |4 dgg. 
082 0 4 |a 040  |2 15 
082 0 4 |a 551.48  |2 15 
650 7 |a Geología.  |2 unbist 
650 7 |a Estratigrafía.  |2 unbist 
650 7 |a Nivel del mar.  |2 unbist 
653 |a Hidroisostasia 
653 |a Variación del nivel del mar 
653 |a Laguna de Rocha (Uruguay) 
651 7 |a Uruguay.  |2 unbist 
856 4 1 |3 Texto completo  |u http://repositoriodigital.uns.edu.ar/handle/123456789/4740 
859 |a AR-BaUNS  |b BIB. CENTRAL - Tesis  |h 040  |i B148 2019-1697c  |k R  |p 127535/020 
859 |a AR-BaUNS  |b BIB. CENTRAL - Sector A - Tesis  |h 040  |i B148 2019-1697c  |p 127536/020